000 00626nam a22001937a 4500
005 20251108170022.0
008 250721s1978 xx 000 0 ara d
082 1 4 _aط/ق/عبد
100 1 _aحمدي، عبد الرحمن
245 1 0 _aالمغامرون الثلاثة في لغز النهر المقدس /
264 1 _aالقاهره :
_bدار المعارف،
_c1978.
300 _a127ص
490 0 _aسلسلة قصص بوليسية للأولاد ؛ 107
650 1 7 _aالأدب العربي
650 1 7 _aالقصص العربية
650 1 7 _aأدب الأطفال
942 _2ddc
_cBK
999 _c37550
_d37550